| 000 | 00859cam a2200229 4500 | ||
|---|---|---|---|
| 001 | WB3808-33 | ||
| 008 | 020226n2002 000 0 eng u | ||
| 035 | _a(Sirsi) u116835 | ||
| 245 | _aPartnership agreement | ||
| 260 | _c2002 | ||
| 490 |
_aEstates Gazette _v[2002] 08 EG 160 (CS) (23/2/02) |
||
| 520 | _a"Gadd and others v Gadd and another" ChD 7 February 2002. The surviving partners in a farming venture failed to have the farm valued at its historic value for the purpose of buying out the dead partner's share. Held: a correct valuation should be based on market value. | ||
| 590 | _aWB | ||
| 650 | _aGADD V GADD | ||
| 650 | _aPARTNERSHIP AGREEMENTS | ||
| 650 | _aFARM BUSINESS | ||
| 650 | _aREAL PROPERTY | ||
| 650 | _aMARKET VALUE | ||
| 650 | _aHISTORIC VALUATIONS | ||
| 690 | _aPROPERTY-PROPERTY APPRAISAL AND VALUATION | ||
| 942 | _n0 | ||
| 999 |
_c69584 _d69584 |
||